Normal view
MARC view
Entry Personal Name
001 - CONTROL NUMBER
- control field: 159
003 - CONTROL NUMBER IDENTIFIER
- control field: OSt
005 - DATE AND TIME OF LATEST TRANSACTION
- control field: 20140630175246.0
008 - FIXED-LENGTH DATA ELEMENTS
- fixed length control field: 140630|| aca||aabn | a|a d
040 ## - CATALOGING SOURCE
- Original cataloging agency: OSt
- Transcribing agency: OSt
100 ## - HEADING--PERSONAL NAME
- Personal name: Gaddum-Rosse, Penelope
670 ## - SOURCE DATA FOUND
- Source citation: Work cat.: (OSt): Rosse Cornelius, Hollinshead's Textbook of Anatomy, 1997
